<?xml version="1.0" encoding="UTF-8"?>
<marc:record xmlns:marc="http://www.loc.gov/MARC21/slim">
   <marc:leader>00000nam a2200000 a 4500</marc:leader>
   <marc:datafield ind1="1" ind2=" " tag="100">
      <marc:subfield code="a">Lakatos, Angelika</marc:subfield>
      <marc:subfield code="4">aut</marc:subfield>
      <marc:subfield code="e">Verfasser/-in</marc:subfield>
   </marc:datafield>
   <marc:datafield ind1="1" ind2=" " tag="100">
      <marc:subfield code="a">Reinecker, Hans</marc:subfield>
      <marc:subfield code="4">aut</marc:subfield>
      <marc:subfield code="e">Verfasser/-in</marc:subfield>
   </marc:datafield>
   <marc:datafield ind1=" " ind2=" " tag="653">
      <marc:subfield code="a">Zwangsstörung</marc:subfield>
   </marc:datafield>
   <marc:datafield ind1=" " ind2=" " tag="653">
      <marc:subfield code="a">Kognitive Verhaltenstherapie</marc:subfield>
   </marc:datafield>
   <marc:datafield ind1="0" ind2="0" tag="245">
      <marc:subfield code="a">Kognitive Verhaltenstherapie bei Zwangsstörungen</marc:subfield>
   </marc:datafield>
   <marc:datafield ind1="0" ind2="0" tag="245">
      <marc:subfield code="b">ein Therapiemanual</marc:subfield>
   </marc:datafield>
   <marc:datafield ind1="0" ind2="0" tag="245">
      <marc:subfield code="c">von Angelika Lakatos und Hans Reinecker</marc:subfield>
   </marc:datafield>
   <marc:datafield ind1=" " ind2="1" tag="264">
      <marc:subfield code="a">Göttingen</marc:subfield>
      <marc:subfield code="b">Hogrefe</marc:subfield>
      <marc:subfield code="c">2007</marc:subfield>
   </marc:datafield>
   <marc:datafield ind1="1" ind2=" " tag="490">
      <marc:subfield code="a">Therapeutische Praxis</marc:subfield>
   </marc:datafield>
   <marc:datafield ind1=" " ind2=" " tag="250">
      <marc:subfield code="a">3., überarb. Aufl.</marc:subfield>
   </marc:datafield>
   <marc:datafield ind1="1" ind2=" " tag="520">
      <marc:subfield code="a">Angaben aus der Verlagsmeldung

Kognitive Verhaltenstherapie bei Zwangsstörungen : Ein Therapiemanual / von Angelika Lakatos, Hans Reinecker

Das Therapiemanual liefert eine gut strukturierte Anleitung zur Durchführung kognitiver Verhaltenstherapie bei Menschen mit Zwängen. Die praktische Umsetzung kognitiv-verhaltenstherapeutischer Methoden und wichtiger Aspekte der Beziehungsgestaltung wird mit Hilfe von zahlreichen Fall- und Interventionsbeispielen veranschaulicht.

Die Neubearbeitung des Therapieleitfadens stellt nach einer Beschreibung der Störung, die auch auf Fragen der Differenzialdiagnostik und Komorbidität eingeht, die aktuellen Ätiologiemodelle vor und referiert neueste Daten zum Stand der Therapieforschung. Umfassend wird anschließend u.a. auf die Beziehungsgestaltung, die Motivations- und Zielklärung sowie auf die problembezogene Informationserfassung und Verhaltensanalyse eingegangen. Das Kernstück des Manuals bildet die Darstellung spezieller Techniken, deren Durchführung praxisnah erläutert wird: z.B. Verschiebung der Problemdefinition, Exposition und Reaktionsverhinderung, kognitive Interventionen zur Modifikation von Gefahrenüberschätzung sowie zur Veränderung dysfunktionaler Grundannahmen, spezielle Techniken zum Umgang mit Zwangsgedanken. Die Neuauflage erläutert zudem emotionsfokussierende Techniken und geht auf lebensgeschichtliche Gemeinsamkeiten und die daraus resultierenden dysfunktionalen Schemata bei Klienten mit Zwängen ein. Ein Kapitel zur Stabilisierung von Erfolgen und zur Rückfallprophylaxe, zwei ausführliche Fallbeispiel sowie zahlreiche Materialien im Anhang machen das Manual zu einer wertvollen Hilfe bei der Behandlung von Zwangspatienten.
</marc:subfield>
   </marc:datafield>
   <marc:datafield ind1=" " ind2=" " tag="020">
      <marc:subfield code="a">9783801720643</marc:subfield>
      <marc:subfield code="9">9783801720643</marc:subfield>
   </marc:datafield>
   <marc:datafield ind1=" " ind2=" " tag="020">
      <marc:subfield code="a">3801720640</marc:subfield>
      <marc:subfield code="9">3801720640</marc:subfield>
   </marc:datafield>
   <marc:datafield ind1=" " ind2=" " tag="041">
      <marc:subfield code="a">ger</marc:subfield>
   </marc:datafield>
   <marc:datafield ind1=" " ind2=" " tag="300">
      <marc:subfield code="a">156 S.</marc:subfield>
   </marc:datafield>
</marc:record>
